| 000 | 00334cam a22001097a 4500 | ||
|---|---|---|---|
| 008 | 180718b xxu||||| |||| 00| 0 eng d | ||
| 082 | _aA99 H526/1 | ||
| 245 |
_aMemoirs of Williams Hickey _cedited by Alfred Spencer |
||
| 260 |
_aLondon _bHurt & Blackett _c |
||
| 500 | _av1, 347p; v2, 406p; v3, 403p; v4 512p; | ||
| 700 | _aSpencer, Alfred,ed. | ||
| 999 |
_c415048 _d415048 |
||